000 01587cam a22004214a 4500
999 _c20850
_d20850
001 13888126
003 OSt
005 20170120144235.0
008 050303s2005 ohua j 000 0 eng
010 _a 2005006209
015 _2bnb
_aGBA567265
016 7 _a013269876
_2Uk
020 _a1581807333 (pbk. : alk. paper)
020 _a9781581807332
035 _a(OCoLC)ocm58431685
037 _a1245829
_bQBI
040 _aDLC
_cDLC
_dQBX
_dBAKER
_dUKM
_dWIQ
_dDLC
042 _apcc
_alcac
043 _aa-ja---
050 0 0 _aNC1764.8.M65
_bO575 2005
082 0 0 _a741.5/37
_222
100 1 _aOkum, David,
_d1967-
245 1 0 _aDraw super manga! monsters /
_cDavid Okum.
246 1 8 _aDraw super manga monsters!
246 3 0 _aManga monsters!
250 _a1st ed.
260 _aCincinnati, Ohio :
_bImpact Books,
_cc2005.
300 _a1 v. (unpaged) :
_bill. ;
_c28 cm.
520 _aProvides instructions for drawing manga monsters.
650 0 _aMonsters in art
_vJuvenile literature.
650 0 _aComic books, strips, etc.
_zJapan
_xTechnique
_vJuvenile literature.
650 0 _aCartooning
_xTechnique
_vJuvenile literature.
650 1 _aMonsters in art.
650 1 _aCartoons and comics.
650 1 _aCartooning.
906 _a7
_bcbc
_corignew
_d1
_eecip
_f20
_gy-gencatlg
942 _2lcc
_cBOOKS
_hNC 1764.8 .M650575 2005